| 000 | 00000cam 2200000zi 4500 |
| 001 | 9.958641 |
| 003 | CaOODSP |
| 005 | 20260112160827 |
| 006 | m o d f |
| 007 | cr mn||||||||| |
| 008 | 251230e202512##onc o f000 0 eng d |
| 020 | |a9780660978529 |
| 040 | |aCaOODSP|beng|erda|cCaOODSP |
| 043 | |an-cn--- |
| 086 | 1 |aM4-285/1-2025E-PDF |
| 245 | 04|aThe Interdepartmental Inclusive Science Initiative : |bthe Inclusive Science Excellence Awards and recognition selection criteria. |
| 246 | 10|aInclusive Science Excellence Awards and recognition selection criteria |
| 264 | 1|a[Ottawa] : |bGovernment of Canada = Gouvernement du Canada, |cDecember 2025. |
| 264 | 4|c©2025 |
| 300 | |a1 online resource (4 pages) |
| 336 | |atext|btxt|2rdacontent |
| 337 | |acomputer|bc|2rdamedia |
| 338 | |aonline resource|bcr|2rdacarrier |
| 500 | |aCover title. |
| 500 | |aIssued also in French under title: L'Initiative interministérielle sur la science inclusive : les prix d'excellence en sciences inclusives et les critères de sélection des reconnaissances. |
| 520 | |a"The Interdepartmental Inclusive Science Initiative (IISI) is a collective effort by science-based departments and agencies (SBDA) within the federal government to actively address all forms of discrimination and exclusion in science while fostering an environment where all employees feel empowered and safe to produce science that is representative of people living in Canada. The Inclusive Science Excellence Awards (ISEA) recognize individuals or teams within the federal government that have demonstrated outstanding contributions to scientific excellence while advancing inclusion, diversity, equity, and accessibility (IDEA), Gender-based Analysis Plus (GBA Plus) principles, or weaving of Indigenous Knowledge Systems (IKS) with research, regulation, policy, and practice. There are three separate awards: the Inclusive Science Innovation and Best Practices Award, the Inclusive Science Leadership Excellence Award, and the Inclusive Science Research or Regulation Award"--Purpose, page 1. |
| 550 | |aIssued by: Natural Resources Canada. |
| 650 | 0|aCivil service|xAwards|zCanada. |
| 650 | 0|aExcellence|xAwards|zCanada. |
| 650 | 0|aScience and state|xAwards|zCanada. |
| 650 | 0|aScience|xSocial aspects|xAwards|zCanada. |
| 710 | 1 |aCanada. |bNatural Resources Canada, |eissuing body. |
| 775 | 08|tL'Initiative interministérielle sur la science inclusive : |w(CaOODSP)9.958640 |
| 856 | 40|qPDF|s467 KB|uhttps://publications.gc.ca/collections/collection_2026/rncan-nrcan/M4-285-1-2025-eng.pdf |